[Event "Gausdal Classics GM"]
[Site "Gausdal"]
[Date "2003.04.06"]
[Round "5"]
[White "Sarbok, Torsten"]
[Black "Carlsen, Magnus"]
[Result "1-0"]
[WhiteElo "2325"]
[BlackElo "2315"]
[PlyCount "100"]
[EventDate "2003.04.03"]
[EventType "tourn"]
[EventRounds "11"]
[EventCountry "NOR"]
[EventCategory "8"]
[SourceTitle "CBM 093 Extra"]
[Source "ChessBase"]
[SourceDate "2003.05.09"]
[SourceVersion "1"]
[SourceVersionDate "2003.05.09"]
[SourceQuality "1"]

1. e4 Nf6 2. e5 Nd5 3. d4 d6 4. Nf3 dxe5 5. Nxe5 g6 6. Bc4 c6 7. O-O Bg7 8. c3 Nd7 9. Nxd7 Bxd7 10. Nd2 O-O 11. Nf3 Be6 $146 ({RR} 11... Rc8 12. Re1 Bg4 13. h3 Bxf3 14. Qxf3 e6 15. Bb3 b5 16. Bd1 Qb6 17. Bc2 Rfd8 18. a3 a5 19. Bd2 b4 20. axb4 axb4 21. Be4 Rd7 22. Qe2 Qb8 23. Qf3 Qb6 24. Qe2 Qb8 25. Qf3 Qb6 {½-½ (25) Ankit,R (2362)-Abhishek,K (2276) New Delhi 2011}) ({RR} 11... b5 12. Bd3 a5 13. Bg5 h6 14. Bh4 b4 15. Qd2 bxc3 16. bxc3 c5 17. Rab1 cxd4 18. cxd4 Rc8 19. Rfe1 Re8 20. Ne5 Nb4 21. Be4 Be6 22. a3 Nd5 23. Bd3 Nc3 24. Rbc1 Qxd4 25. Nxg6 fxg6 26. Rxe6 {Avsar,G (2389)-Mahdavi,R (2480) chess.com INT 2025 0-1 (33)}) 12. Qe2 Nc7 13. Bf4 Bxc4 14. Qxc4 Ne6 15. Be5 Qd5 16. Qxd5 cxd5 17. Rfe1 f6 18. Bg3 Kf7 19. Re2 Nd8 20. Ne1 Rc8 21. Nd3 e6 22. Rae1 Bh6 23. Kf1 Rc6 24. Nb4 Rc8 25. Bd6 Re8 26. Nxd5 Nc6 27. Nb4 Nxb4 28. Bxb4 Rcd8 29. g3 Bg7 30. b3 f5 31. Ba3 Bf6 32. Re3 Rd7 33. Ke2 Rc8 34. Kd3 e5 35. Rxe5 Bxe5 36. Rxe5 h5 37. h4 f4 38. gxf4 Kg7 39. c4 Rf7 40. Ke4 Rd7 41. d5 b6 42. Be7 Kf7 43. d6 Rb7 44. Kd4 a5 45. f5 gxf5 46. Rxf5+ Ke6 47. Rxh5 Rg8 48. Rg5 Rh8 49. h5 Rh7 50. f4 Rxh5 1-0

[Event "Gausdal Classics GM"]
[Site "Gausdal"]
[Date "2003.04.09"]
[Round "9"]
[White "Bluvshtein, Mark"]
[Black "Carlsen, Magnus"]
[Result "1/2-1/2"]
[WhiteElo "2451"]
[BlackElo "2315"]
[PlyCount "105"]
[EventDate "2003.04.03"]
[EventType "tourn"]
[EventRounds "11"]
[EventCountry "NOR"]
[EventCategory "8"]
[SourceTitle "CBM 093 Extra"]
[Source "ChessBase"]
[SourceDate "2003.05.09"]
[SourceVersion "1"]
[SourceVersionDate "2003.05.09"]
[SourceQuality "1"]

1. e4 {ChessBase II} Nf6 2. e5 Nd5 3. d4 d6 4. c4 Nb6 5. exd6 exd6 6. Nc3 Nc6 7. h3 Be7 8. Nf3 Bf6 ({RR} 8... O-O 9. Be2 Bf6 10. O-O Bf5 11. Bf4 Re8 12. Re1 ({RR} 12. b3 h6 13. Qd2 g5 14. Be3 Bg7 15. Rac1 Bg6 16. Rfd1 Ne7 17. Bd3 Nf5 18. Re1 c6 19. Re2 d5 20. c5 Nd7 21. Rce1 Qf6 22. b4 Re6 23. g4 Ne7 24. Kg2 Re8 25. h4 Bxd3 26. Qxd3 gxh4) 12... Nb4 ({RR} 12... Qd7 13. Rc1 h6 14. Qd2 Rad8 15. b3 Ne7 16. g4 Bh7 17. Bf1 Ng6 18. Bg3 Rxe1 19. Rxe1 Rf8 20. Bd3 c6 21. Bf5 Qd8 22. Qd3 d5 23. Re3 Re8 24. cxd5 Rxe3 25. Qxe3 Nxd5 26. Nxd5 Qxd5 27. Qe8+) 13. Rc1 Rxe2 14. Nxe2 Nd3 15. Qb3 a5 16. Be3 d5 17. c5 a4 18. Qb5 Qd7 19. Qxd7 Nxd7 20. Ng3 Bg6 21. Bg5 Bxg5 22. Nxg5 f6 23. Nf3 {Degraeve,J (2569)-Bauer,C (2636) Cannes 2005 CBM 105 Extra [ChessBase II] 0-1 (41)}) 9. Be3 O-O 10. Rc1 $146 ({RR} 10. Be2 Bf5 11. O-O Re8 12. Nh2 Na5 13. b3 Nc6 14. Ng4 Bg5 15. Qd2 Bxe3 16. Nxe3 Bg6 17. Bf3 Nd7 18. Rfe1 Nf6 19. Bxc6 bxc6 20. Nc2 Qd7 21. Nb4 a5 22. Nd3 h6 23. Rxe8+ Rxe8 24. Re1 Bxd3 {Burzak,W (1376)-Matuszewski,M (1638) Borowice 2012 0-1 (40)}) ({RR} 10. Be2 Re8 11. O-O Ne7 12. Ne4 Nf5 13. Nxf6+ Qxf6 14. Bg5 Qe6 15. Re1 Qd7 16. Qb3 h6 17. Bf4 Qd8 18. Rad1 Bd7 19. Qc3 Nc8 20. d5 Nce7 21. c5 Ng6 22. Bh2 dxc5 23. Qxc5 c6 24. dxc6 bxc6 {Ergazaki,E (1577)-Galani,D (1492) Tornelo INT 2021 ½-½ (45)}) ({RR} 10. Qd2 Bf5 11. g4 Bg6 12. h4 d5 13. cxd5 Nxd5 14. h5 Nxc3 15. hxg6 Ne4 16. Qc2 Qe7 17. gxf7+ Kh8 18. O-O-O Nb4 19. Qb3 c6 20. Bc4 Rad8 21. Be6 g6 22. Rxh7+ {1-0 (22) Kunal,M (2350)-Arjun,A (1849) Bhubaneswar 2015}) 10... Re8 11. b3 Bg5 12. Nxg5 Qxg5 13. d5 Ne5 14. Ne2 Qf6 15. Qd2 Qh4 16. Qd4 Qf6 17. f4 Ned7 18. Qxf6 Nxf6 19. Kf2 Ne4+ 20. Kf3 c6 21. dxc6 bxc6 22. Nc3 Bf5 23. Bd3 Nd2+ 24. Bxd2 Bxd3 25. Rhe1 f5 26. Re3 Rxe3+ 27. Kxe3 Be4 28. c5 dxc5 29. Nxe4 Re8 30. Rxc5 Nd5+ 31. Ke2 Rxe4+ 32. Kf3 Rd4 33. Bc1 Rd3+ 34. Ke2 Rg3 35. Kf2 Rc3 36. Rxc3 Nxc3 37. Ke3 Kf7 38. Kd3 Nd5 39. g3 Ke6 40. Ba3 Nf6 41. Bc5 a6 42. Bd4 Ne4 43. Bxg7 Kd5 44. g4 fxg4 45. hxg4 Nf2+ 46. Ke3 Nxg4+ 47. Kf3 Nh2+ 48. Kg2 Ng4 49. Kf3 Nh2+ 50. Kg3 Nf1+ 51. Kf2 Nh2 52. f5 Ke4 53. Kg3 1/2-1/2

[Event "Gausdal Classics GM"]
[Site "Gausdal"]
[Date "2003.04.11"]
[Round "11"]
[White "Lie, Kjetil A"]
[Black "Carlsen, Magnus"]
[Result "1-0"]
[WhiteElo "2430"]
[BlackElo "2315"]
[PlyCount "117"]
[EventDate "2003.04.03"]
[EventType "tourn"]
[EventRounds "11"]
[EventCountry "NOR"]
[EventCategory "8"]
[SourceTitle "CBM 093 Extra"]
[Source "ChessBase"]
[SourceDate "2003.05.09"]
[SourceVersion "1"]
[SourceVersionDate "2003.05.09"]
[SourceQuality "1"]

1. e4 c5 2. b3 b6 3. Bb2 Bb7 4. Nc3 Nc6 5. f4 e6 6. Nf3 d5 ({RR} 6... Nge7 7. Qe2 a6 8. O-O-O Nd4 9. Qf2 Nec6 10. Nxd4 Nxd4 11. Bd3 Qc7 12. Rde1 O-O-O 13. Kb1 Kb8 14. Ne2 Nc6 15. f5 Ne5 16. Nf4 Bd6 17. Rhf1 Ka8 18. h3 b5 19. Be2 Rc8 20. Bd1 c4 21. d4 {Morozevich,A (2731)-Cheparinov,I (2682) Dubai 2014 1-0 (43)}) 7. exd5 ({RR} 7. Bb5 d4 8. Ne2 a6 9. Bxc6+ Bxc6 10. d3 Nf6 11. Ne5 Bb7 12. c3 dxc3 13. Bxc3 Bd6 14. O-O Bc7 15. b4 Bd6 16. a3 O-O 17. h3 Rc8 18. Kh1 b5 19. bxc5 Bxc5 20. Qe1 Nh5 21. Ba5 Qe7 {Golubka,P (2316)-Miezis,N (2384) Kuressaare EST 2025 ½-½ (67)}) 7... exd5 8. Qe2+ $146 ({RR} 8. Bb5 Nf6 9. O-O Be7 10. Ne5 Rc8 11. Qe2 O-O 12. Nxc6 Bxc6 13. Bxc6 Rxc6 14. Rae1 Bd6 15. Qf3 d4 16. Qxc6 dxc3 17. Bxc3 Be7 18. d3 Nd5 19. Bb2 Bf6 20. Bxf6 Nxf6 21. Qf3 Qd4+ 22. Qf2 Qb2 {Kumala,A (2160)-De Lomas Busquets,A (2026) chess.com INT 2024 0-1 (94)}) ({RR} 8. Bb5 a6 9. Qe2+ Be7 10. Bxc6+ Bxc6 11. O-O Nf6 12. Ne5 Bb7 13. Rae1 O-O 14. Ng6 hxg6 15. Qxe7 Qxe7 16. Rxe7 Bc6 17. Ne2 d4 18. Re5 Rfe8 19. Rxe8+ Rxe8 20. Ng3 Ne4 {½-½ (20) Elez,N (2245)-Cabarkapa,N (2070) Banja Vrujci 2010}) 8... Nge7 9. d4 cxd4 10. Nb5 Qd7 11. Ne5 Nxe5 12. Qxe5 f6 13. Nd6+ Kd8 14. Nxb7+ Qxb7 15. Qxd4 Nf5 16. Qd3 Qe7+ 17. Be2 Qb4+ 18. c3 Qe4 19. O-O-O Kc7 20. Qxd5 Qxd5 21. Rxd5 Ne3 22. Rd3 Re8 23. Bf3 Bd6 24. g3 h5 25. Re1 Ng4 26. Red1 Rd8 27. R1d2 Rhe8 28. Bxg4 hxg4 29. Kd1 b5 30. Rd5 a6 31. R2d4 g6 32. c4 Kc6 33. Rd2 Be7 34. Re2 Bc5 35. Rxe8 Rxe8 36. Bxf6 bxc4 37. bxc4 Bg1 38. Rg5 Bxh2 39. Rxg4 Kc5 40. Rxg6 Kxc4 41. Be5 Kd3 42. Rxa6 Ke4 43. Ke2 Rg8 44. Ra4+ Kf5 45. Kd3 Rxg3+ 46. Kc4 Rg2 47. Kb5 Rc2 48. a3 Ra2 49. Bd6 Rd2 50. Kc6 Rc2+ 51. Kd5 Rd2+ 52. Rd4 Ra2 53. a4 Bg3 54. Rc4 Bh2 55. Kc6 Ke6 56. Re4+ Kf5 57. Rb4 Bg3 58. Rb5+ Ke4 59. f5 1-0

[Event "NOR-chT"]
[Site "Asker"]
[Date "2003.05.28"]
[Round "1"]
[White "Carlsen, Magnus"]
[Black "Snarheim, Dagfinn"]
[Result "1-0"]
[WhiteElo "2315"]
[BlackElo "2216"]
[PlyCount "71"]
[EventDate "2003.05.28"]
[EventType "team"]
[EventRounds "5"]
[EventCountry "NOR"]
[SourceTitle "CBM 094 Extra"]
[Source "ChessBase"]
[SourceDate "2003.07.09"]
[SourceVersion "2"]
[SourceVersionDate "2003.07.09"]
[SourceQuality "1"]

1. e4 c5 2. Nf3 d6 3. d4 cxd4 4. Nxd4 Nf6 5. Nc3 g6 6. Be3 Bg7 7. f3 O-O 8. Qd2 Nc6 9. O-O-O Nxd4 10. Bxd4 Be6 11. g4 Qa5 12. Kb1 Rfc8 13. a3 Rab8 14. Ne2 Qa4 15. g5 Nh5 16. Bxg7 Nxg7 17. Nd4 b5 18. Qb4 Qa6 $146 ({RR} 18... Bd7 19. h4 a5 20. Qxa4 bxa4 21. Rh2 Rb6 22. c4 Ne6 23. Nb5 Rcb8 24. Rc2 Bc6 25. Kc1 Nc5 26. Kd2 Kg7 27. Ke3 h6 28. Rdd2 Rh8 29. Rh2 Rbb8 30. Rcg2 hxg5 31. hxg5 Rxh2 32. Rxh2 Ne6 33. f4 {Agopov,M (2450)-Carlsson,P (2502) Porto Carras 2011 ½-½ (42)}) 19. Nxe6 Nxe6 20. h4 Qb6 21. h5 Qf2 22. Bd3 Nxg5 23. hxg6 hxg6 24. e5 Nxf3 25. exd6 exd6 26. Qf4 b4 27. Qh6 Qd4 28. Bxg6 Qg7 29. Bh7+ Kh8 30. Qxd6 bxa3 31. Qxa3 Rc3 32. Bg6+ Kg8 33. Bxf7+ Kxf7 34. Qxa7+ Kf6 35. Rd6+ Kf5 36. Qxg7 1-0

[Event "NOR-chT"]
[Site "Asker"]
[Date "2003.06.01"]
[Round "5"]
[White "Carlsen, Magnus"]
[Black "Heim, Sverre"]
[Result "1/2-1/2"]
[WhiteElo "2315"]
[BlackElo "2399"]
[PlyCount "74"]
[EventDate "2003.05.28"]
[EventType "team"]
[EventRounds "5"]
[EventCountry "NOR"]
[SourceTitle "CBM 094 Extra"]
[Source "ChessBase"]
[SourceDate "2003.07.09"]
[SourceVersion "2"]
[SourceVersionDate "2003.07.09"]
[SourceQuality "1"]

1. e4 c5 2. Nf3 Nc6 3. Bb5 g6 4. c3 Nf6 5. e5 Nd5 6. d4 cxd4 7. Qb3 Nc7 8. Bc4 Ne6 9. cxd4 Na5 10. Qc3 Nxc4 11. Qxc4 Qc7 12. Qc3 d5 13. O-O Bd7 14. Qb3 Qb6 $146 ({RR} 14... Bc6 15. Nc3 Qd7 16. Be3 Bg7 17. Ne1 O-O 18. Nd3 f6 19. Rfd1 Rad8 20. Rd2 {½-½ (20) Georgiev,K (2487)-Spasov,V (2569) Pamporovo 2001}) 15. Qxb6 axb6 16. Nc3 Nc7 17. Bg5 h6 18. Be3 e6 19. Rfc1 Be7 20. Nd2 Bc6 21. Kf1 Kd7 22. Ke2 b5 23. a3 b4 24. axb4 Bxb4 25. Nb3 b6 26. Rxa8 Nxa8 27. Bd2 Nc7 28. Ra1 h5 29. Na4 Bxa4 30. Rxa4 Be7 31. Kd3 Ra8 32. Rxa8 Nxa8 33. Nc1 Nc7 34. g3 Kc6 35. Ne2 Kb5 36. Nc3+ Kc6 37. h3 Na6 1/2-1/2

[Event "Salongernas IM-tournament"]
[Site "Stockholm"]
[Date "2003.06.09"]
[Round "3"]
[White "Carlsen, Magnus"]
[Black "Olsson, Anders"]
[Result "0-1"]
[WhiteElo "2356"]
[BlackElo "2383"]
[PlyCount "70"]
[EventDate "2003.06.07"]
[EventType "tourn"]
[EventRounds "8"]
[EventCountry "SWE"]
[SourceTitle "EXT 2023"]
[Source "ChessBase"]
[SourceDate "2022.10.05"]
[SourceVersion "1"]
[SourceVersionDate "2022.10.05"]
[SourceQuality "1"]

1. e4 e6 2. d4 d5 3. Nc3 Bb4 4. e5 c5 5. a3 Bxc3+ 6. bxc3 Qc7 7. Qg4 f5 8. Qh5+ g6 9. Qd1 Bd7 10. Nf3 Ba4 11. dxc5 Nd7 12. Be3 Nxc5 13. Rb1 Ne4 14. Qd4 Bd7 $146 ({RR} 14... Nxc3 15. Bd2 Nxb1 16. Qxa4+ Kd8 17. Qb4 Nxa3 18. Qf8+ Kd7 19. Qxa8 Nxc2+ 20. Kd1 a6 21. Bd3 Na1 {1-0 (21) Groszpeter,A (2478)-Lahiri,A (2385) Paks 2000}) 15. Qb4 b6 16. c4 Ne7 17. Be2 Rc8 18. O-O dxc4 19. Bh6 Nd5 20. Qb2 Qc5 21. Rbe1 Ndc3 22. Qc1 Bb5 23. Be3 Qd5 24. Nd4 Ba6 25. f3 Nc5 26. Bf2 O-O 27. Qe3 N5a4 28. Bh4 f4 29. Qf2 Rc7 30. Bf6 Rd7 31. Rd1 Nxd1 32. Rxd1 Nc3 33. Rd2 Nxe2+ 34. Qxe2 Rxf6 35. exf6 c3 0-1

[Event "Salongernas IM-tournament"]
[Site "Stockholm"]
[Date "2003.06.11"]
[Round "5"]
[White "Hermansson, Emil"]
[Black "Carlsen, Magnus"]
[Result "1/2-1/2"]
[WhiteElo "2379"]
[BlackElo "2356"]
[PlyCount "67"]
[EventDate "2003.06.07"]
[EventType "tourn"]
[EventRounds "8"]
[EventCountry "SWE"]
[SourceTitle "EXT 2023"]
[Source "ChessBase"]
[SourceDate "2022.10.05"]
[SourceVersion "1"]
[SourceVersionDate "2022.10.05"]
[SourceQuality "1"]

1. e4 c5 2. Nf3 Nc6 3. d4 cxd4 4. Nxd4 Nf6 5. Nc3 e5 6. Ndb5 d6 7. Bg5 a6 8. Na3 b5 9. Bxf6 gxf6 10. Nd5 f5 11. c3 Bg7 12. exf5 Bxf5 13. Nc2 Be6 14. g3 O-O 15. Bg2 a5 16. O-O Rb8 17. Qe2 Qd7 ({RR} 17... Ne7 18. Rad1 f5 19. Nce3 Kh8 20. a3 Qd7 21. Nxe7 Qxe7 22. Nd5 Qf7 23. Rd2 e4 24. Rfd1 Be5 25. f4 exf3 26. Qxf3 Bxd5 27. Rxd5 Qg7 28. Rf1 f4 29. g4 Rg8 30. h3 h5 31. Qe4 Qf6 32. Bf3 {Leko,P (2725)-Kramnik,V (2758) Linares 2000 ½-½ (41)}) ({RR} 17... b4 18. Nce3 bxc3 19. bxc3 Ne7 20. Rad1 Nxd5 21. Nxd5 Kh8 22. f4 exf4 23. Nxf4 Bxc3 24. Be4 Qg5 25. Kh1 Be5 26. Qd2 Qh6 27. Qxa5 Rb2 28. Bg2 Rxa2 29. Qc7 Bg4 30. Rde1 Qg5 31. Qc4 Rb2 32. Nd3 {Cordoba Roa,A (2396)-Margl,R (2289) chess.com INT 2025 ½-½ (36)}) 18. Rfd1 f5 $146 19. Rd2 {RR} e4 20. Nce3 Ne7 21. Nf4 Be5 22. Nxe6 Qxe6 23. f4 exf3 24. Bxf3 Kh8 25. Nd5 Nxd5 26. Rxd5 b4 27. c4 a4 28. Rad1 Qf6 29. b3 axb3 30. axb3 Rg8 31. Qg2 Rg6 32. R5d3 Rbg8 33. Bd5 R8g7 34. Rf1 {Andreev,E (2471)-Krapivin,A (2378) Serpukhov 2003 ½-½ (36)} 1/2-1/2

[Event "Salongernas IM-tournament"]
[Site "Stockholm"]
[Date "2003.06.12"]
[Round "6"]
[White "Carlsen, Magnus"]
[Black "Von Bahr, Oskar"]
[Result "1-0"]
[WhiteElo "2356"]
[BlackElo "2377"]
[PlyCount "81"]
[EventDate "2003.06.07"]
[EventType "tourn"]
[EventRounds "8"]
[EventCountry "SWE"]
[SourceTitle "EXT 2023"]
[Source "ChessBase"]
[SourceDate "2022.10.05"]
[SourceVersion "1"]
[SourceVersionDate "2022.10.05"]
[SourceQuality "1"]

1. e4 c5 2. Nf3 d6 3. d4 cxd4 4. Qxd4 Bd7 5. Bg5 Nc6 6. Qd2 h6 7. Be3 Nf6 8. Nc3 e6 9. O-O-O a6 10. h3 b5 11. Bd3 Be7 12. g4 $146 ({RR} 12. Kb1 Qc7 13. Rhe1 b4 14. Ne2 e5 15. g4 Be6 16. g5 Nd7 17. gxh6 gxh6 18. Bxh6 Nc5 19. Be3 Rxh3 20. Ng5 Bxg5 21. Bxg5 b3 22. axb3 Nxd3 23. cxd3 Qb7 24. Rc1 Qxb3 25. Rxc6 Qa2+ 26. Kc1 Qa1+ {Florian,J-Miguel,F (2300) Lima 1998 0-1 (35)}) 12... Qa5 13. Kb1 b4 14. Ne2 e5 15. g5 hxg5 16. Nxg5 Nd8 17. Ng3 g6 18. h4 Ne6 19. Bc4 Rc8 20. Bb3 Ng4 21. Nxe6 Bxe6 22. Bxe6 fxe6 23. Bg5 Qc5 24. Bxe7 Kxe7 25. Qg5+ Nf6 26. h5 a5 27. Rd2 a4 28. hxg6 Rxh1+ 29. Nxh1 b3 30. a3 bxc2+ 31. Kc1 Qc4 32. Ng3 Qa2 33. Rxc2 Rxc2+ 34. Kxc2 Qc4+ 35. Kd2 Qd4+ 36. Ke2 Qxb2+ 37. Kf1 d5 38. exd5 exd5 39. Nh5 Qb1+ 40. Kg2 Qe4+ 41. Kg3 1-0

[Event "Salongernas IM-tournament"]
[Site "Stockholm"]
[Date "2003.06.13"]
[Round "7"]
[White "Eriksson, Jonas"]
[Black "Carlsen, Magnus"]
[Result "1/2-1/2"]
[WhiteElo "2288"]
[BlackElo "2356"]
[PlyCount "140"]
[EventDate "2003.06.07"]
[EventType "tourn"]
[EventRounds "8"]
[EventCountry "SWE"]
[SourceTitle "EXT 2023"]
[Source "ChessBase"]
[SourceDate "2022.10.05"]
[SourceVersion "1"]
[SourceVersionDate "2022.10.05"]
[SourceQuality "1"]

1. e4 c5 2. Nf3 Nc6 3. Bb5 g6 4. Bxc6 dxc6 5. d3 Bg7 6. h3 Nf6 7. Nc3 Nd7 8. O-O e5 9. Be3 Qe7 10. a3 Nf8 11. Na4 Ne6 12. b4 b6 13. bxc5 $146 ({RR} 13. Qd2 Nd4 14. Nxd4 cxd4 15. Bh6 Bxh6 16. Qxh6 f6 17. f4 Be6 18. fxe5 fxe5 19. Rf3 O-O-O 20. Raf1 Kb8 21. Rf6 Bf5 22. R1xf5 gxf5 23. exf5 Rc8 24. Nb2 b5 25. Re6 Qc7 26. Nd1 e4 27. Rxe4 c5 {Solozhenkina,E (2282)-Srdanovic,J (2200) Cheliabinsk 2022 1-0 (38)}) ({RR} 13. c4 O-O 14. bxc5 bxc5 15. Qd2 Nd4 16. Nxd4 cxd4 17. Bh6 Bxh6 18. Qxh6 Rb8 19. f4 exf4 20. Qxf4 Rb3 21. Qf6 Qxf6 22. Rxf6 Rxd3 23. Rd6 Re8 24. Nc5 Rd2 25. Rxc6 Rc2 26. Rb1 d3 27. Nxd3 Be6 {Ozen,D (2397)-Firouzja,A (2570) Nakhchivan 2017 ½-½ (133)}) 13... b5 14. Nb2 Nxc5 15. Qd2 Ne6 16. a4 a6 17. axb5 cxb5 18. c4 Bd7 19. cxb5 Bxb5 20. Nc4 O-O 21. Nb6 Rad8 22. Nd5 Qb7 23. Bh6 Bxh6 24. Qxh6 f6 25. Rfd1 Rxd5 26. exd5 Qxd5 27. Qe3 Rd8 28. Qb6 Kg7 29. Rac1 g5 30. Rd2 Rd7 31. Qb8 Bc6 32. Qb6 Bb7 33. Rb2 Kg6 34. Ne1 Nf4 35. Kh2 Nxd3 36. Rd1 e4 37. Nxd3 exd3 38. f3 Qe5+ 39. Kg1 d2 40. Rbxd2 Rxd2 41. Rxd2 Qe1+ 42. Kh2 Qxd2 43. Qxb7 Qd6+ 44. Kh1 a5 45. Qe4+ Kg7 46. Qb7+ Kh6 47. Qb3 Qd4 48. Qa3 Qb4 49. Qa1 Kg6 50. Qa2 a4 51. Qg8+ Kh6 52. Qd8 Qe1+ 53. Kh2 Qe6 54. Qf8+ Kg6 55. Qd8 Kg7 56. Qc7+ Kh6 57. Qd8 Kg7 58. Qc7+ Qf7 59. Qc5 Qe8 60. Qc7+ Kh6 61. f4 Kg6 62. Qc2+ f5 63. g4 Qe4 64. gxf5+ Kxf5 65. Qc5+ Kxf4 66. Qf2+ Ke5 67. Qc5+ Kf6 68. Qf8+ Kg6 69. Qg8+ Kh6 70. Qf8+ Kg6 {and about 30 more moves} 1/2-1/2

[Event "Barents Region-chA"]
[Site "Alta"]
[Date "2003.06.20"]
[Round "2"]
[White "Carlsen, Magnus"]
[Black "Nordahl, Helge Andreas"]
[Result "1/2-1/2"]
[WhiteElo "2315"]
[BlackElo "2330"]
[PlyCount "77"]
[EventDate "2003.06.20"]
[EventType "swiss"]
[EventRounds "6"]
[EventCountry "NOR"]
[SourceTitle "CBM 094 Extra"]
[Source "ChessBase"]
[SourceDate "2003.07.09"]
[SourceVersion "2"]
[SourceVersionDate "2003.07.09"]
[SourceQuality "1"]

1. e4 c5 2. Nf3 d6 3. d4 Nf6 4. Nc3 cxd4 5. Qxd4 a6 6. Bg5 Nc6 7. Qd2 e6 8. O-O-O b5 ({RR} 8... Bd7 9. Kb1 Be7 10. h3 h6 11. Be3 b5 12. Bd3 Qc7 13. g4 Ne5 14. Nxe5 dxe5 15. f4 b4 16. Ne2 exf4 17. Bxf4 e5 18. Be3 Be6 19. Ng3 Bc5 20. Nf5 Bxf5 21. exf5 Ke7 22. Rhe1 Rhd8 23. Bf4 {Zhang,Z (2632)-Kazhgaleyev,M (2641) Manila 2008 1-0 (32)}) 9. Qe3 $146 ({RR} 9. e5 dxe5 10. Qxd8+ Nxd8 11. Nxe5 Bb7 12. Nxb5 Nd5 13. Bxd8 Rxd8 14. Nc7+ Ke7 15. Nxd5+ Rxd5 16. Rxd5 exd5 17. Be2 Ke6 18. Re1 Bc5 19. Nf3 Bxf2 20. Rd1 Be3+ 21. Kb1 Rd8 22. c3 a5 23. Nd4+ Ke5 {Micheel,P (1665)-Schmidt,P (1590) Mecklenburg VP 2017 1-0 (35)}) ({RR} 9. a3 Bb7 10. Nd4 Qb6 11. Nxc6 Bxc6 12. Bxf6 gxf6 13. Re1 Bd7 14. f4 a5 15. Qe3 Qxe3+ 16. Rxe3 Rb8 17. g3 Bc6 18. Bg2 f5 19. Re2 b4 20. axb4 axb4 21. Nd1 fxe4 22. Bxe4 d5 23. Bd3 Bg7 {Vereggen,L (2326)-Boucquet,E (2206) Wachtebeke 2022 ½-½ (35)}) ({RR} 9. e5 dxe5 10. Qxd8+ Nxd8 11. Nxb5 axb5 12. Bxb5+ Bd7 13. Rxd7 Nxd7 14. Rd1 Be7 15. Bxe7 Kxe7 16. Rxd7+ Kf6 17. a4 Rb8 18. Nd2 Nb7 19. Ne4+ Kg6 20. b4 Rhd8 21. Rxd8 Nxd8 22. Nc5 f6 23. c4 Kf7 {Tseitlin,M (2430)-Pieniazek,A (2315) Gdynia 1989 1-0}) 9... Be7 10. e5 Ng4 11. Qf4 Ngxe5 12. Bxe7 Qxe7 13. Ne4 O-O 14. Nxd6 Nxf3 15. Qxf3 Bb7 16. Bd3 f5 17. Nxb7 Qxb7 18. Rhe1 Rae8 19. g4 Qc7 20. gxf5 Ne5 21. Qg3 Nxd3+ 22. Rxd3 Qxg3 23. hxg3 exf5 24. Rxe8 Rxe8 25. Kd2 Kf7 26. a4 bxa4 27. Rd5 g6 28. Ra5 Rb8 29. Rxa4 Rxb2 30. Rxa6 h5 31. Rc6 Kg7 32. Kd3 Rb4 33. c4 g5 34. Kd4 Rb2 35. Ke3 Rb3+ 36. Ke2 Rb2+ 37. Kf3 Rb3+ 38. Kg2 Rc3 39. c5 1/2-1/2

[Event "Barents Region-chA"]
[Site "Alta"]
[Date "2003.06.22"]
[Round "6"]
[White "Kiselev, Gennady Aleksandrov"]
[Black "Carlsen, Magnus"]
[Result "0-1"]
[WhiteElo "2437"]
[BlackElo "2315"]
[PlyCount "69"]
[EventDate "2003.06.20"]
[EventType "swiss"]
[EventRounds "6"]
[EventCountry "NOR"]
[SourceTitle "CBM 094 Extra"]
[Source "ChessBase"]
[SourceDate "2003.07.09"]
[SourceVersion "2"]
[SourceVersionDate "2003.07.09"]
[SourceQuality "1"]

1. e4 c5 2. Nf3 e6 3. Nc3 Nc6 4. d4 cxd4 5. Nxd4 Nf6 6. g3 Bc5 7. Nb3 Bb4 8. Bg2 O-O 9. O-O Bxc3 10. bxc3 d5 11. exd5 exd5 12. Be3 $146 ({RR} 12. Re1 Bf5 13. Bf4 Ne4 14. c4 dxc4 15. Bxe4 Bxe4 16. Qxd8 Rfxd8 17. Rxe4 cxb3 18. axb3 f6 19. Kg2 Kf7 20. Rc1 Rd5 21. Be3 Re8 22. Rxe8 Kxe8 23. h4 h5 24. Kf3 Kd7 25. Ke2 {½-½ (25) Brodsky,M (2512)-Volzhin,A (2569) Koszalin 1999}) ({RR} 12. Qd3 Bg4 13. Re1 Rc8 14. h3 Bh5 15. f4 Re8 16. Bd2 Qb6+ 17. Kh2 Ne7 18. Nd4 Kh8 19. g4 Bxg4 20. hxg4 Nxg4+ 21. Kg3 h5 22. Bh3 Rg8 23. Bxg4 hxg4 24. Kxg4 f5+ 25. Kg3 Qg6+ 26. Kf2 {1-0 (26) Forcen Esteban,D (2479)-Borisenko,V (2276) Maribor 2012}) 12... Bg4 13. f3 Re8 14. Qd2 Bf5 15. Rfe1 Ne5 16. Bd4 Nc4 17. Qf2 b6 18. a4 Qd6 19. Bf1 h6 20. Red1 Bg6 21. Nd2 Ne5 22. Ra2 Nc6 23. Bb5 Re6 24. Bxc6 Qxc6 25. Qf1 Rae8 26. Qb5 Qc8 27. Kf2 R6e7 28. Raa1 Qh3 29. Nf1 Ne4+ 30. fxe4 Bxe4 31. Be3 Qg2+ 32. Ke1 Bf3 33. Qd3 Rxe3+ 34. Nxe3 Qxh2 35. Rdb1 0-1

[Event "NOR-ch"]
[Site "Fredrikstad"]
[Date "2003.07.04"]
[Round "1"]
[White "Carlsen, Magnus"]
[Black "Gabrielsen, Stig"]
[Result "1-0"]
[WhiteElo "2385"]
[BlackElo "2269"]
[PlyCount "35"]
[EventDate "2003.07.04"]
[EventType "tourn"]
[EventRounds "9"]
[EventCountry "NOR"]
[SourceTitle "CBM 095 Extra"]
[Source "ChessBase"]
[SourceDate "2003.09.04"]
[SourceVersion "1"]
[SourceVersionDate "2003.09.04"]
[SourceQuality "1"]

1. e4 c5 2. Nf3 e6 3. b3 b6 4. d4 cxd4 5. Nxd4 Bb7 6. Qe2 ({RR} 6. Nb5 Na6 7. N1c3 Nc5 8. Bf4 Rc8 9. Qd4 Nf6 10. f3 Na6 11. Nd6+ Bxd6 12. Bxd6 Nb8 13. Qd2 a6 14. a4 Ng8 15. Bc4 Ne7 16. O-O O-O 17. Rad1 Nbc6 18. Kh1 Re8 19. Bd3 Ng6 20. f4 e5 {Adams,M (2746)-Polgar,J (2676) Cannes 2001 0-1 (43)}) 6... Nc6 $146 ({RR} 6... d6 7. Bb2 Nf6 8. Nd2 Nc6 9. O-O-O Nxd4 10. Bxd4 Qc7 11. Kb1 e5 12. Bb2 Bc6 13. f4 O-O-O 14. Qf3 h5 15. Ba6+ Kb8 16. fxe5 dxe5 17. Nc4 Re8 18. Bxe5 Rxe5 19. Nxe5 Bxe4 20. Nd7+ Nxd7 21. Qxe4 {Shytaj,L (2454)-Lapiccirella,D (2213) Gallipoli 2018 1-0}) 7. Nxc6 dxc6 8. Bb2 Bb4+ 9. Nd2 Nf6 10. O-O-O Qc7 11. Nc4 b5 12. e5 Nd5 13. Nd6+ Bxd6 14. exd6 Qxd6 15. Bxg7 Rg8 16. Be5 Qa3+ 17. Bb2 Qxa2 18. Rxd5 1-0

[Event "NOR-ch"]
[Site "Fredrikstad"]
[Date "2003.07.11"]
[Round "8"]
[White "Carlsen, Magnus"]
[Black "Trygstad, Kristian"]
[Result "1-0"]
[WhiteElo "2385"]
[BlackElo "2330"]
[PlyCount "97"]
[EventDate "2003.07.04"]
[EventType "tourn"]
[EventRounds "9"]
[EventCountry "NOR"]
[SourceTitle "CBM 095 Extra"]
[Source "ChessBase"]
[SourceDate "2003.09.04"]
[SourceVersion "1"]
[SourceVersionDate "2003.09.04"]
[SourceQuality "1"]

1. e4 c5 2. Nf3 e6 3. d4 cxd4 4. Nxd4 a6 5. c4 Nf6 6. Nc3 Qc7 7. a3 Nxe4 8. Nxe4 Qe5 9. Bd3 Qxd4 10. O-O f5 11. Be3 Qe5 12. f4 Qc7 13. Ng5 Bc5 14. Qh5+ g6 15. Qe2 Qb6 16. Bxc5 Qxc5+ 17. Kh1 Nc6 $146 ({RR} 17... Qe7 18. b4 b6 19. Qf3 Ra7 20. Qe3 Rb7 21. Be2 h6 22. Nh3 Nc6 23. Bf3 b5 24. Bxc6 dxc6 25. c5 O-O 26. Nf2 e5 27. fxe5 g5 28. Rad1 f4 29. Qe4 Rc7 30. Rd6 Bf5 31. Qd4 Re8 32. Re1 {Heinz,T (2231)-Vuillermoz,R (2046) France 2005 ½-½ (67)}) 18. b4 Qf8 19. Qb2 h6 20. Nf3 Rg8 21. b5 Nd8 22. Qd4 Nf7 23. c5 Qg7 24. Qe3 Qf6 25. bxa6 bxa6 26. Rab1 Kf8 27. Ne5 Kg7 28. g4 Ra7 29. gxf5 exf5 30. Rb6 d6 31. cxd6 Rb7 32. Rfb1 Nxd6 33. Qc5 Rd8 34. Rxb7+ Bxb7+ 35. Rxb7+ Nxb7 36. Qc7+ Kf8 37. Qxb7 g5 38. Nd7+ Rxd7 39. Qxd7 Qa1+ 40. Kg2 Qb2+ 41. Kf3 gxf4 42. Qxf5+ Ke7 43. Qc5+ Ke6 44. Qc6+ Ke7 45. Qc7+ Ke6 46. Bc4+ Kf6 47. Qd6+ Kg5 48. h4+ Kxh4 49. Qxh6# 1-0